LEADER 00803nam a2200217 i 4500 001 000000037530 003 CaOOAMICUS 005 20100913000000.0 008 100913s1955 it u000 u ita u 013 $a7815 040 $aSeMil$bita 100 1 $aPiovanelli, Maricilla.$0(OLS)http://semarc/name/17898 245 10$aDomenichino /$cMaricilla Piovanelli. 250 $a4. edizione riveduta ed ampliata. 260 $aMilano :$bIstituto di Propaganda Libraria,$c1955. 300 $a132 p., 8 c. di tav. ;$c19 cm. 850 $aSeMil 852 $aSeMil$W1$xVenegono$y1$m3J I 214$j3685$B3685$CSeMilBibl$Z2$F3685 $81 961 $aOmaggio: Deposito 996 $6245$aDomenichino$9(OLS)http://semarc/title/52587 996 $6260$aMilano :$bIstituto di Propaganda Libraria$9(OLS)http://semarc/publisher/30855 LEADER 01629nas a2200313 i 4500 001 000000204057 003 CaOOAMICUS 005 20110725000000.0 008 110629b2011 it uu s u0 0ita r 013 $a182774 040 $aSeMil$bita 240 10$aDomande dei sacerdoti nella Veglia dell'Anno Sacerdotale ; Omelia del Santo Padre alla Chiusura dell'Anno Sacerdotale.$0(OLS)http://semarc/title/295669 245 10$aInterventi del Santo Padre alla chiusura dell'Anno Sacerdotale :$b[Roma, San Pietro, 10-11 giugno 2010]. 260 $aVaticano :$bCongregazione per il Clero,$c[2011?] 300 $a1 DVD video (ca. 70 min). 500 $aTitolo dell'etichetta. 700 1 $aAnno Sacerdotale <2009-2010> : Convegno Internazionale dei Sacerdoti «Fedeltą di Cristo, Fedeltą del Sacerdote» <2010 ; Roma>.$0(OLS)http://semarc/name/73625 700 1 $aAnno Sacerdotale <2009-2010> : Chiusura.$0(OLS)http://semarc/name/73626 700 0 $aBenedictus XVI,$c.$0(OLS)http://semarc/name/298 773 0 $tSacrum Ministerium.$dRoma : [s.n.], 1995.$w()3149 850 $aSeMil 852 $aSeMil$W1$xVenegono$y1$m205 6 41 DVD$j154551$B154551$CSeMilBibl$Z2$F165685 $85 900 1 $aRatzinger, Joseph,$d<1927-2022>. 900 0 $aBenedetto XVI$c. 961 $aCambio: Scuola Cattolica 996 $6245$aInterventi del Santo Padre alla chiusura dell'Anno Sacerdotale :$b[Roma, San Pietro, 10-11 giugno 2010]$9(OLS)http://semarc/title/295668 996 $6260$aVaticano :$bCongregazione per il Clero$9(OLS)http://semarc/publisher/47017